[Event "AUTO-INT-1897"]
[Site "http://www.queenalice.com/game.php?id=870634"]
[Date "2010.12.11"]
[Round "1"]
[White "robinud"]
[Black "skatista99"]
[Result "0-1"]
[WhiteElo "1767"]
[BlackElo "1689"]

1. e4 e5 2. Nf3 Nc6 3. Bb5 Nf6 4. Bxc6 bxc6 5. d3 h6 6. a3 Bc5 7. Nxe5 d6 8.
Nxc6 Qd7 9. Nb4 Bxb4+ 10. c3 Ba5 11. b4 Bb6 12. O-O c5 13. bxc5 dxc5 14. c4 O-O
15. Nc3 Bb7 16. Re1 Qd6 17. e5 Qd4 18. Bb2 Ng4 19. Ne4 Qxb2 20. f3 Nxe5 21. Re2
Qd4+ 22. Nf2 Rfe8 23. a4 Bc7 24. Kf1 Re6 25. a5 a6 26. Rd2 Rae8 27. Rb1 Bc6 28.
Ra2 Qf4 29. Kg1 Nxf3+ 30. gxf3 Bxf3 31. Qd2 Qxh2+ 0-1

[Event "AUTO-INT-1897"]
[Site "http://www.queenalice.com/game.php?id=870635"]
[Date "2010.12.11"]
[Round "1"]
[White "skatista99"]
[Black "robinud"]
[Result "0-1"]
[WhiteElo "1714"]
[BlackElo "1758"]

1. e4 e5 2. Nf3 Nc6 3. Bc4 h6 4. Nc3 a6 5. d3 Bb4 6. Bd2 Nge7 7. a3 Ba5 8. O-O
O-O 9. b4 Bb6 10. Nd5 d6 11. h3 Nxd5 12. Bxd5 Ne7 13. Qc1 c6 14. Bc4 Ba7 15.
Bxh6 b5 16. Bb3 Ng6 17. Bg5 Qc7 18. c4 Be6 19. cxb5 axb5 20. Bxe6 fxe6 21. Nh4
Nxh4 22. Bxh4 Bd4 23. Qg5 Bxa1 24. Rxa1 Qb6 25. Qg3 Rf4 26. Bg5 Rf7 27. Bh6 Raf8
28. Rf1 c5 29. bxc5 Qxc5 30. Be3 Qxa3 31. Qg6 Rf6 32. Qg4 Qxd3 33. h4 b4 0-1

[Event "AUTO-INT-1897"]
[Site "http://www.queenalice.com/game.php?id=870650"]
[Date "2010.12.11"]
[Round "1"]
[White "zemaria"]
[Black "skatista99"]
[Result "1-0"]
[WhiteElo "1667"]
[BlackElo "1708"]

1. e4 e5 2. Nf3 Nc6 3. d4 Bb4+ 4. c3 Bd6 5. d5 Nb8 6. Nbd2 c6 7. Bc4 cxd5 8.
Bxd5 Nf6 9. Bb3 Bc5 10. Bc2 d6 11. Nb3 Nc6 12. Nxc5 dxc5 13. Ba4 Qxd1+ 14. Bxd1
Bg4 15. O-O Nxe4 16. Re1 Bxf3 17. Bxf3 Nf6 18. Bxc6+ bxc6 19. Rxe5+ Kd7 20. Bf4
Rhe8 21. Rd1+ Kc8 22. Rxc5 Re6 23. f3 Rb8 24. Bxb8 Kxb8 25. Rc4 1-0

[Event "AUTO-INT-1897"]
[Site "http://www.queenalice.com/game.php?id=870651"]
[Date "2010.12.11"]
[Round "1"]
[White "skatista99"]
[Black "zemaria"]
[Result "0-1"]
[WhiteElo "1704"]
[BlackElo "1691"]

1. e4 e5 2. Nf3 d6 3. Bc4 Qe7 4. d3 Be6 5. Nc3 c6 6. Bg5 f6 7. Be3 Nd7 8. O-O f5
9. exf5 Bxf5 10. Ng5 d5 11. Bb3 h6 12. Nf3 Qf6 13. Bd2 Bd6 14. h3 O-O-O 15. a4
a6 16. Ne2 e4 17. dxe4 Bxe4 18. Ba5 Bc7 19. Qd2 Bxf3 20. gxf3 Qxf3 21. Ng3 Re8
22. Bxc7 Kxc7 23. Rae1 Ngf6 24. Rxe8 Rxe8 25. c4 Nb6 26. cxd5 Qxb3 27. dxc6 bxc6
28. Rd1 Qe6 29. Qa5 Ra8 30. Qc5 Nfd7 31. a5 Nxc5 0-1

[Event "AUTO-INT-1897"]
[Site "http://www.queenalice.com/game.php?id=870662"]
[Date "2010.12.11"]
[Round "1"]
[White "skatista99"]
[Black "Marcvs"]
[Result "1-0"]
[WhiteElo "1698"]
[BlackElo "1665"]

1. e4 e5 2. Nf3 Nf6 3. Bc4 d6 4. d3 Nc6 5. Bg5 Be7 6. Nc3 h6 7. Bh4 Ng4 8. Bxe7
Qxe7 9. h3 Nf6 10. Nd5 Nxd5 11. Bxd5 Nb4 12. O-O Nxd5 13. exd5 O-O 14. c4 a6 15.
b4 b5 16. Qe2 f5 17. Qe3 f4 18. Qe1 g5 19. Qe4 Bf5 20. Qe2 Rfb8 21. a4 bxa4 22.
Rxa4 Qd7 23. Rfa1 Qe8 24. Rxa6 Rxb4 25. Rxa8 Bc8 26. d4 Kg7 27. dxe5 c6 28. dxc6
Qxc6 29. exd6 Bb7 30. Qe7+ Kg6 31. Rg8+ 1-0

[Event "AUTO-INT-1897"]
[Site "http://www.queenalice.com/game.php?id=870663"]
[Date "2010.12.11"]
[Round "1"]
[White "Marcvs"]
[Black "skatista99"]
[Result "1-0"]
[WhiteElo "1696"]
[BlackElo "1705"]

1. e4 e5 2. Nf3 Nc6 3. d4 d6 4. dxe5 Bg4 5. exd6 cxd6 6. Be2 Nf6 7. h3 Bh5 8.
Nc3 d5 9. exd5 Bxf3 10. Bxf3 Bb4 11. Qe2+ Ne7 12. O-O Bxc3 13. bxc3 O-O 14. c4
Nf5 15. Qd3 Nh4 16. Bg5 Nxf3+ 17. Qxf3 Re8 18. Bxf6 Qxf6 19. Qxf6 gxf6 20. Rfe1
Rac8 21. Rxe8+ Rxe8 22. a4 Re4 23. c5 Rc4 24. c6 bxc6 25. dxc6 Rxc6 26. Ra2 a5
27. g4 Kg7 28. Kg2 Kg6 29. Kg3 Kg5 30. h4+ Kh6 31. Kf4 Rc4+ 32. Kg3 Rc3+ 33. f3
Kg6 34. Rb2 Rc4 35. Ra2 f5 36. Ra3 fxg4 37. fxg4 f5 38. gxf5+ Kxf5 39. Rf3+ Ke5
40. Re3+ Kd5 41. Re7 Rxc2 42. Rxh7 Rc4 43. Rh5+ Ke6 44. Rxa5 Kf6 45. Ra8 Kg6 46.
a5 Kh5 47. Rh8+ Kg6 48. a6 Ra4 49. Ra8 Kh5 50. a7 Ra3+ 51. Kf4 Kxh4 52. Rh8# 1-0

[Event "AUTO-OPEN-2193"]
[Site "http://www.queenalice.com/game.php?id=870735"]
[Date "2010.12.12"]
[Round "1"]
[White "skatista99"]
[Black "Ticovi"]
[Result "0-1"]
[WhiteElo "1675"]
[BlackElo "1307"]

1. e4 e5 2. Nf3 Nc6 3. Bc4 Nf6 4. d3 h6 5. Nc3 a6 6. Be3 Ng4 7. h3 Nxe3 8. fxe3
Bc5 9. O-O Bxe3+ 10. Kh1 b5 11. Bd5 O-O 12. Bxc6 dxc6 13. Nxe5 Qd6 14. Qh5 g6
15. Nxg6 Qxg6 16. Qxg6+ fxg6 17. Rxf8+ Kxf8 18. Rf1+ Kg7 19. e5 Be6 20. Rf6 Re8
21. Ne4 Bd5 22. Nc5 Bxc5 0-1

[Event "AUTO-OPEN-2193"]
[Site "http://www.queenalice.com/game.php?id=870736"]
[Date "2010.12.12"]
[Round "1"]
[White "Ticovi"]
[Black "skatista99"]
[Result "1-0"]
[WhiteElo "1392"]
[BlackElo "1698"]

1. e4 e5 2. Nf3 Nc6 3. Bc4 Bc5 4. Nc3 Nf6 5. d3 d6 6. Ng5 O-O 7. h3 h6 8. Nf3
Be6 9. Bxe6 fxe6 10. O-O d5 11. exd5 exd5 12. Re1 Bb4 13. Bd2 d4 14. Na4 Qe8 15.
c3 dxc3 16. bxc3 Ba5 17. Qb3+ Kh8 18. Qxb7 Rb8 19. Qa6 Bb6 20. Qc4 Rf7 21. Nh4
Nh5 22. Qg4 Rxf2 23. Be3 Bxe3 24. Rxe3 Rf4 25. Ng6+ Kh7 26. Nxf4 Rb2 27. Nxb2
Nxf4 28. d4 Nd5 29. Rg3 Qf7 30. Rf1 Qe7 31. Qg6+ Kh8 32. Rf7 Nf4 33. Qxg7# 1-0

[Event "AUTO-OPEN-2193"]
[Site "http://www.queenalice.com/game.php?id=870737"]
[Date "2010.12.12"]
[Round "1"]
[White "skatista99"]
[Black "mouderjr"]
[Result "0-1"]
[WhiteElo "1713"]
[BlackElo "1924"]

1. e4 d6 2. Nf3 Bg4 3. h3 Bh5 4. Nc3 e5 5. Be2 Nf6 6. d3 Nc6 7. Bg5 h6 8. Bh4
Be7 9. Nd5 Nxd5 10. exd5 Nb4 11. Bxe7 Qxe7 12. c4 O-O 13. a3 Na6 14. Nh2 Bg6 15.
Bh5 Qf6 16. O-O Bf5 17. Qf3 Qg5 18. g4 Bg6 19. Bxg6 fxg6 20. Qg3 Qd2 21. Rab1
Rf4 22. Nf3 Qxd3 23. Nh4 Qxc4 24. Nxg6 Rf7 25. f4 Qd4+ 26. Kh2 e4 27. f5 Re8 28.
Rfe1 Nc5 29. Re3 Nd3 30. Nf4 Nxf4 31. Qxf4 Qxd5 32. Rbe1 Rfe7 33. f6 Rf7 34. h4
Rxf6 35. Qg3 Ref8 36. Rxe4 Rf2+ 37. Kh1 Rf1+ 38. Kh2 R8f2+ 39. Kh3 Rxe1 40. Qxf2
Qxe4 0-1

[Event "AUTO-OPEN-2193"]
[Site "http://www.queenalice.com/game.php?id=870738"]
[Date "2010.12.12"]
[Round "1"]
[White "mouderjr"]
[Black "skatista99"]
[Result "1-0"]
[WhiteElo "1966"]
[BlackElo "1654"]

1. e4 e5 2. Nc3 Nf6 3. Nf3 Nc6 4. Bc4 Bc5 5. h3 O-O 6. O-O d6 7. a3 Be6 8. Ba2
Nd4 9. Nxd4 Bxd4 10. Re1 Qd7 11. Qf3 a5 12. Ne2 Bxa2 13. Rxa2 c5 14. c3 Bxf2+
15. Kxf2 Rfe8 16. d3 Rad8 17. Bg5 h6 18. Bxf6 gxf6 19. Ng3 Kh8 20. Qe3 Kh7 21.
Nf5 Qxf5+ 22. exf5 Rg8 23. Qf3 Rg5 24. g4 Rd7 25. h4 Rg6 26. fxg6+ Kxg6 27. h5+
1-0

[Event "AUTO-ADV-2001"]
[Site "http://www.queenalice.com/game.php?id=870850"]
[Date "2010.12.12"]
[Round "1"]
[White "skatista99"]
[Black "ThiagoTanaka"]
[Result "0-1"]
[WhiteElo "1658"]
[BlackElo "1953"]

1. e4 c6 2. Nf3 d5 3. exd5 cxd5 4. d4 Bf5 5. Bb5+ Nd7 6. Ne5 Nf6 7. Bg5 Qa5+ 8.
Nc3 Ne4 9. Bxd7+ Bxd7 10. Nxd7 Kxd7 11. Bd2 Nxd2 12. Qxd2 e6 13. O-O Bb4 14. a3
Bxc3 15. Qxc3 Qxc3 16. bxc3 Rac8 17. Rab1 b6 18. Rb3 Rc4 19. Ra1 Rhc8 20. a4
Rxc3 21. Rxc3 Rxc3 22. Ra2 Rc4 23. a5 b5 24. Rb2 a6 25. Kf1 Rxd4 26. Ke2 Ra4 27.
Kd3 Rxa5 28. Kd4 Ra4+ 29. Kc5 Kc7 30. Rb4 Rxb4 31. Kxb4 Kb6 0-1

[Event "AUTO-ADV-2001"]
[Site "http://www.queenalice.com/game.php?id=870851"]
[Date "2010.12.12"]
[Round "1"]
[White "ThiagoTanaka"]
[Black "skatista99"]
[Result "1-0"]
[WhiteElo "1946"]
[BlackElo "1663"]

1. d4 d5 2. c4 c5 3. dxc5 Nf6 4. Nc3 Nc6 5. cxd5 Nb4 6. Qa4+ Bd7 7. Qxb4 e6 8.
d6 b6 9. Bf4 bxc5 10. Qxc5 Nd5 11. Nxd5 exd5 12. Qxd5 Qf6 13. Qe5+ Qxe5 14. Bxe5
f6 15. Bg3 Rc8 16. e3 Rc6 17. Bb5 Rc2 18. Bxd7+ Kxd7 19. b3 Bxd6 20. Rd1 Rc6 21.
Nf3 Rd8 22. Rxd6+ Rxd6 23. Bxd6 Kxd6 24. Ke2 Kc5 25. a3 Rb8 26. Nd4 Rb6 27. Rc1+
1-0

[Event "AUTO-ADV-2001"]
[Site "http://www.queenalice.com/game.php?id=870852"]
[Date "2010.12.12"]
[Round "1"]
[White "skatista99"]
[Black "Janivgm"]
[Result "1-0"]
[WhiteElo "1675"]
[BlackElo "1839"]

1. e4 e5 2. Nf3 Nc6 3. Bc4 f6 4. d3 Bc5 5. Nc3 Bb4 6. O-O Bxc3 7. bxc3 d6 8. h3
a6 9. Be3 b5 10. Bb3 Bb7 11. Bd5 Nge7 12. c4 Nxd5 13. cxd5 Ne7 14. c4 Ng6 15. a4
bxa4 16. Rxa4 O-O 17. d4 Re8 18. dxe5 fxe5 19. Ng5 Bc8 20. Qh5 Nf8 21. Qf7+ Kh8
22. Qh5 Qf6 23. Qxe8 Bd7 24. Qxa8 Bxa4 25. Ne6 Kg8 26. Rb1 h5 27. Rb8 1-0

[Event "AUTO-ADV-2001"]
[Site "http://www.queenalice.com/game.php?id=870853"]
[Date "2010.12.12"]
[Round "1"]
[White "Janivgm"]
[Black "skatista99"]
[Result "0-1"]
[WhiteElo "1875"]
[BlackElo "1650"]

1. e4 e5 2. Nf3 Nc6 3. Nc3 Nf6 4. Bc4 Bc5 5. h3 d6 6. d3 h6 7. a3 Be6 8. Bxe6
fxe6 9. O-O O-O 10. Rb1 d5 11. Qe2 dxe4 12. dxe4 Nh5 13. Kh1 Qf6 14. b4 Bd4 15.
Nb5 Bb6 16. Be3 Qg6 17. g4 Nf4 18. Bxf4 exf4 19. Nd2 e5 20. f3 Qg5 21. Nc4 Nd4
22. Nxd4 Bxd4 23. Qd3 Qh4 24. c3 Qxh3# 0-1

[Event "AUTO-ADV-2001"]
[Site "http://www.queenalice.com/game.php?id=870854"]
[Date "2010.12.12"]
[Round "1"]
[White "skatista99"]
[Black "KingHermano"]
[Result "1-0"]
[WhiteElo "1690"]
[BlackElo "1899"]

1. e4 a6 2. d4 h6 3. Nf3 e6 4. Nc3 Bb4 5. a3 Bxc3+ 6. bxc3 c6 7. Bc4 d5 8. exd5
exd5 9. Bd3 Bg4 10. h3 Bxf3 11. Qxf3 Nf6 12. Qg3 g5 13. O-O Nbd7 14. f4 Rg8 15.
fxg5 Ne4 16. Bxe4 dxe4 17. Re1 hxg5 18. Rxe4+ Kf8 19. Qd6+ Kg7 20. Bxg5 f6 21.
Re7+ Kh8 22. Bxf6+ 1-0

[Event "AUTO-ADV-2001"]
[Site "http://www.queenalice.com/game.php?id=870855"]
[Date "2010.12.12"]
[Round "1"]
[White "KingHermano"]
[Black "skatista99"]
[Result "1-0"]
[WhiteElo "1909"]
[BlackElo "1687"]

1. e4 e5 2. Bc4 Nf6 3. d3 h6 4. a3 Bc5 5. h3 O-O 6. Nf3 d6 7. c3 Be6 8. Bxe6
fxe6 9. Qb3 Qe7 10. Qxb7 Nbd7 11. Qxc7 Bb6 12. Qc4 Nc5 13. a4 Rac8 14. Qb5 Nh5
15. Be3 Nxd3+ 16. Qxd3 Rf6 17. Bxb6 axb6 18. Nbd2 Nf4 19. Qf1 d5 20. Nxe5 dxe4
21. Nxe4 Rf5 22. Ng4 Rcf8 23. g3 Nd5 24. f4 e5 25. Qc4 1-0